Нежна песен (Запис номер 391741)
[ съкратено ]
| 000 -Лидер | |
|---|---|
| Контролно поле с фиксирана дължина | 01380nam a2200325 a 4500 |
| 003 - Код на организацията, давaща контролен номер | |
| Контролно поле | BLK |
| 005 - Дата и час на последна редакция | |
| Контролно поле | 20250730111617.0 |
| 008 - Елементи от данни с фиксирана дължина | |
| fixed length control field | 201124b bu |||||r|||| 00| | bu d |
| 020 ## - Международен стандартен номер на книга ISBN | |
| Международен стандартен номер на книга ISBN | 9789543992973 |
| 040 ## - Източник на каталожния запис | |
| Идентификатор на билиотеката - собственик на записа | BLK |
| 041 ## - Код за език | |
| Код за езика на текст/звукозапис или на отделно заглавие | Български |
| Код за езика КДБФ | Български |
| 080 ## - УДК | |
| Текстов определител УДК | Американска литература (на САЩ) |
| УДК код - определител по УДК | 821.111(73) |
| УДК определител | -31 |
| УДК - код + определител | 821.111(73)-31 |
| 100 ## - Редна дума - Автор | |
| R(LIN) | 241653 |
| Автор | Деверо, Джуд |
| Авторска отговорност | първи автор |
| 139 ## - Редно поле | |
| Редна дума | Деверо, Джуд |
| Авторски знак | Дев - Д 32 |
| 245 ## - Сведения за заглавието | |
| Заглавие | Нежна песен |
| Редно поле (дума) | Джуд Деверо ; прев. Ваня Пенева. |
| 257 ## - Страна на издаване | |
| Страна на създаване/издаване | Съединени американски щати |
| 260 ## - Област на издателските данни | |
| 9 (RLIN) | 219405 |
| Място на издаване, разпространение и проч. | София |
| Име на издателя, разпространителя и проч. | СББ Медиа |
| Година на издаване | 2019 |
| Печатница | София : Ропринт |
| Информация за издателството | Санома Блясък България |
| Издателство - префикс ISBN | 978-954-399- |
| 300 ## - Физическа характеристика | |
| Размери/Мащаб | 20 см |
| Страници | 231 с. |
| 380 ## - Жанр | |
| Жанр | Худож. лит. |
| 490 ## - СЕРИИ (Колекции) | |
| 9 (RLIN) | 203324 |
| Име на серия | Исторически любовни романи |
| Бележки за серията | СББ медиа |
| №: серия | 12 |
| 500 ## - Общи забележки | |
| Забележка | Ориг. загл.: Velvet song / Jude Deveraux. - Кн. се разпространява с изд. на СББ Медиа |
| 700 ## - Други автори (авторска отговорност) | |
| Лично име | Пенева, Ваня Илиева |
| Дати, свързани с автора | 1957- |
| Друга информация | Преводач от немски, английски и руски език. |
| 9 (RLIN) | 363755 |
| 852 ## - Местоположение | |
| Форматна сигнатура | Цб 305759 |
| Фондова буква | Хранилище |
| 852 ## - Местоположение | |
| Фондова буква | Заемна - подръчен фонд |
| Систематично-азбучна сигнатура | 821-31/ Д 32 Д |
| 856 ## - Електронен адрес и достъп | |
| Инструкция (цена за достъп) | 0.00 |
| Права за достъп | disable |
| 999 ## - СИСТЕМНИ КОНТРОЛНИ НОМЕРА | |
| Koha biblionumber | 391741 |
| Koha biblioitemnumber | 391741 |
| 942 ## - АРТИКУЛИ | |
| Вид на библиотечния материал | Книги |
| Скрит в OPAC | Не |
| Периодичен библиозапис | Да |
| Koha issues (borrowed), all copies | 10 |
| 944 ## - СЪЗДАВАНЕ И РЕДАКЦИЯ на ЗАПИСА | |
| Създаване/Редакция | Създаване |
| Служител, извършил регистрацията/редакцията | 30531 |
| Статус, дата на статуса | Цветелина Шанова |
| 944 ## - СЪЗДАВАНЕ И РЕДАКЦИЯ на ЗАПИСА | |
| Създаване/Редакция | Редакция |
| Служител, извършил регистрацията/редакцията | ир |
| Дата на регистрацията/редакция | 2023-03-28 |
| 999 ## - СИСТЕМНИ КОНТРОЛНИ НОМЕРА | |
| Koha biblioitemnumber | 391741 |
| Код за отписване | Код за изгубен артикул | Източник на класификационната схема | Код за повреда | Коз за рестрикции | Код за отдаване | Артикулен № | Име на библиотеката - собственик | Име на библиотеката, в която се намира в момента | Статус (Текущо местоположение) | Дата на вписване в системата | Местоположение - отдел | Цена в лева | Систематично азбучна сигнатура | Баркод | Цена в евро | Служебен тип на артикула | Инвентарен номер |
|---|---|---|---|---|---|---|---|---|---|---|---|---|---|---|---|---|---|
| Не е изгубен | Universal Decimal Classification | Не е повреден | само за читалня | ползва се в читалня | 813278 | Регионална библиотека "Любен Каравелов" Русе | Регионална библиотека "Любен Каравелов" Русе | Хранилище | 2021-02-24 | Хранилище | 11.00 | Цб 305759 | 120000850819 | 5.62 | Книги | ||
| Не е изгубен | Universal Decimal Classification | Не е повреден | без рестрикции | заемане за дома | 926040 | Регионална библиотека "Любен Каравелов" Русе | Регионална библиотека "Любен Каравелов" Русе | Заемна - подръчен фонд | 2023-03-29 | Заемна - подръчен фонд | 10.00 | 821-31/Д 32 Д | 120000885275 | 5.11 | Книги | 120000885275 |